| 000 | 00574 a2200217 4500 | ||
|---|---|---|---|
| 005 | 20260313120427.0 | ||
| 008 | 260312b |||||||| |||| 00| 0 eng d | ||
| 020 |
_a978126696658 _c£ 64.99 |
||
| 040 | _aMAIN | ||
| 082 |
_a332 _bC322M(2) |
||
| 100 | _aCecchetti, Stephen G | ||
| 245 | _aMoney, banking and financial markets: 2024 release ISE | ||
| 250 | _a2nd | ||
| 260 |
_bMcGraw Hill _c2024 _aNew York |
||
| 300 | _a591 | ||
| 650 | _aEconomics | ||
| 650 | _aFinanical Economics | ||
| 650 | _aMoney-Banking | ||
| 700 | _aSchoenholtz, Kermit L | ||
| 942 | _cBK | ||
| 999 |
_c396950 _d396950 |
||